000 00774cam a2200217 4500
001 WB3726-08
008 000000n2001 000 0 eng u
035 _a(Sirsi) u113422
245 _aCroydon industrial space lures leading developers
260 _c2001
490 _aEstates Gazette
_v(0126) 30 June 2001, 41(1)
520 _aIndustrial developers are competing to secure the last 17 ha of available land in Croydon as it bids to become a central distribution spot in south London. Agents will be looking to secure substantial rents of £9 psf.
590 _aWB
650 _aINDUSTRIAL DEVELOPMENT
650 _aRENTS
650 _aCROYDON
650 _aLOGISTICS
650 _aDISTRIBUTION SECTOR
690 _aPROPERTY-PROPERTY DEVELOPMENT
942 _n0
999 _c67577
_d67577